| 000 | 00505nam a2200193Ia 4500 | ||
|---|---|---|---|
| 005 | 20240823054926.0 | ||
| 008 | 240823s9999||||xx |||||||||||||| ||und|| | ||
| 020 | _a1-56720-545-3 | ||
| 041 | _aENGLISH | ||
| 082 | _A620.0042071 P5 | ||
| 100 | _a"Bent,Joao" | ||
| 245 | 0 | _aCollabrative Design and Learning : Competence Building for Innovation | |
| 250 | _a1st | ||
| 260 |
_c2005 _bRain Tree Publishing Pv |
||
| 500 | _aYES | ||
| 650 |
_aEngineering Design _bCivil |
||
| 942 | _cBK | ||
| 999 |
_c227606 _d227606 |
||